10 państw Afryki wysuniętych najbardziej na wschód - Statystyki

Ogólne statystyki
  • Ten quiz został rozwiązany 31 razy
  • Średni wynik to 9 z 10
Statystyki odpowiedzi
Długość Państwo % Poprawnych
48.00 °E Etiopia
100%
51.45 °E Somalia
100%
41.90 °E Kenia
97%
50.67 °E Madagaskar
97%
43.42 °E Dżibuti
90%
43.12 °E Erytrea
90%
44.53 °E Komory
90%
56.27 °E Seszele
90%
63.50 °E Mauritius
83%
40.75 °E Mozambik
79%
Nie znaleziono quizów pasujących do podanych kryteriów
Rozkład punktacji
Procent ludzi z każdym wynikiem
Percentyl według liczby udzielonych odpowiedzi
Twoja historia wyników
Nie rozwiązałeś tego quizu